000 00450nam a2200181Ia 4500
001 14354
005 20260306164908.0
008 260306t2001||||xx |||||||||||||| ||spa||
041 _aESP
082 _a512.5
_bG58
100 _aGolubitsky, Martín
_eAUT
245 0 _aÁlgebra Lineal y Ecuaciones Diferenciales con MATLAB
260 _c2001
300 _a564 páginas :
_c24 cm.
650 _aGEN
654 _aCMA
942 _cLIB
_dJUS
_fJUS
_2ddc
_n
999 _c14354
_d14354